Intertemporální přístup k platební bilanci: vztah míry úspor a míry investic v bohatých, chudých a tranzitivních ekonomikách

Popis základných národohospodárskych identít, ktoré pracujú s mierou úspor a mierou investícií a vymedzenie ich vzťahu k rovnováhe výkonovej bilancie a k rovnováhe bežného účtu. Formulácia alternatívnej hypotézy pre pohyb medzinárodného kapitálu medzi krajinami a náčrt možnosti vychýlených odhadov a...

Descripción completa

Guardado en:
Detalles Bibliográficos
Autor principal: Brada, Josef C.
Otros Autores: Mandel, Martin, Tomšík, Vladimír
Formato: Capítulo de libro
Lenguaje:checo
Materias:
Etiquetas: Agregar Etiqueta
Sin Etiquetas, Sea el primero en etiquetar este registro!

MARC

LEADER 00000naa$a2200000$$$4500
001 0081192
005 20231019131527.2
041 0 |a cze 
044 |a CZ 
245 1 0 |a Intertemporální přístup k platební bilanci: vztah míry úspor a míry investic v bohatých, chudých a tranzitivních ekonomikách  |c Josef C. Brada, Martin Mandel, Vladimír Tomšík 
520 |a Popis základných národohospodárskych identít, ktoré pracujú s mierou úspor a mierou investícií a vymedzenie ich vzťahu k rovnováhe výkonovej bilancie a k rovnováhe bežného účtu. Formulácia alternatívnej hypotézy pre pohyb medzinárodného kapitálu medzi krajinami a náčrt možnosti vychýlených odhadov a regresných modelov vzťahu miery úspor a miery investícii. 
610 2 0 |a modely regresné 
610 2 0 |a pohyb kapitálu 
610 2 0 |a investície 
610 2 0 |a bilancia platobná 
610 2 0 |a miera úspor 
610 2 0 |a krajiny tranzitívne 
100 1 |a Brada, Josef C. 
700 1 |a Mandel, Martin 
700 1 |a Tomšík, Vladimír